Normal view
MARC view
- الميزانية - المالية العامة - الادارة المالية
Entry Topical Term
001 - CONTROL NUMBER
- control field: 45213
003 - CONTROL NUMBER IDENTIFIER
- control field: JO-AjAnu
005 - DATE AND TIME OF LATEST TRANSACTION
- control field: 20230606081500.0
008 - FIXED-LENGTH DATA ELEMENTS
- fixed length control field: 230606|| aca||aabn | a|a d
040 ## - CATALOGING SOURCE
- Original cataloging agency: JO-AjAnu
- Transcribing agency: JO-AjAnu
150 ## - HEADING--TOPICAL TERM
- Topical term or geographic name entry element: الميزانية - المالية العامة - الادارة المالية
670 ## - SOURCE DATA FOUND
- Source citation: Work cat.: (JO-AjAnu)23149: جريسات، جميل, author 45212, موازنة الاداء بين النظرية والتطبيق